| 000 | 00328nam a2200121Ia 4500 | ||
|---|---|---|---|
| 008 | 231129s1988||||xx |||||||||||||| ||spa|| | ||
| 082 | _aER- 452 | ||
| 100 | _aJunta de Acción Comunal Barrio América | ||
| 245 | 0 | _aBarrio América 50 años 1938-1988 | |
| 260 | _c1988 | ||
| 264 | _aPereira: Lito Imperio 1988 | ||
| 942 |
_2ddc _cBKS |
||
| 999 |
_c6043 _d6043 |
||